000 00873nam a2200277Ia 4500
003 GCL
008 140319s9999 xx 000 0 ara d
040 _aGCL /
_cGCL
082 0 4 _a791.43
_bو ح
100 1 _aحليم طوسون
245 1 0 _aحرفيات السينما /
_cحليم طوسون
700 1 _aاحمد بدرخان (مخرج)
700 1 _aوين، ميشيل
700 1 _aتسونو، ريمى
700 1 _aاحمد بدرخان
300 _a307 ص
490 _aالمكتبة العربية
_v0
650 0 4 _aالافلام السينمائية
650 0 4 _aالسينما
650 0 4 _aالاخراج السينمائى
650 0 4 _aالتصوير السينمائى
650 0 4 _aالانتاج السينمائى
650 0 4 _aالسينما - صناعة وتجارة
650 0 4 _aاجهزة ومعدات
942 _2ddc
_cBK
999 _c49925
_d49925